01914nam a2200241Ia 4500001000600000003000900006008004100015040001300056040001300069041001300082100001800095100002900113245009300142245009300235250001100328260001200339260001400351260004900365300005600414500113700470650003401607650003101641H0908IT-RoPAU130308s9999 xx 000 0 und d aIT-RoPAU cIT-RoPAU aITALIANO aManni Alberto gCodice Aut. SPICS: 56512 aWireless communication. Evoluzione della comunicazione mobile personale dal gsm all'umts bWireless Communication. Evoluzione della Comunicazione mobile Personale dal Gsm All'Umts a1a ed. aBOLOGNA bCalderini c2002 [1° Ed.:2002 - Ed.Ling.Originale:2002] a"460 p. (prefazione: 18; testo: 442 [pagine: 0-0])" a"Guida Alla Lettura. telefonia senza Fili. sistemi Radiomobili. Prestazionidi Mobilita': copertura cellulare del Territorio; Struttura e Funzionalità di una Generica Plmn. interfaccia Radio. Propagazione in Ambiente Radiomobile. Trasferimento dei Dati in una Rete di Tlc. Telefonino All'Orecchio: Problemi Sanitari ed Etici. Standard Gsm: interfaccia Radio; Architettura della Rete e Protocolli: Sottosistema di Stazione Bss, Sottosistema di Rete Nss, Sottosistema di Controllo Oss, interfacce a e A(Bis), procedure di Controllo tra I nodi della Rete Gsm, gerarchie di Aree. Gsm: procedure e Servizi: Sim Card, Msisdn, gestione di Imsi e Tmsi. telefonia Cordless e Standarddect. Architettura del Sistema Dect. Standard Tetra per reti Radiomobili Private. Sviluppi Dello Standard Gsm: fasi 2 e 2+. Evoluzione Verso la Terzagenerazione: Prima e seconda Generazione Cellulare; Evoluzione della Tecnica Cdma; prospettive di globalizzazione Imt2000 e Umts; Umts: Sistema Universale per le Telecomunicazioni Mobili; Ulteriori soluzioni Sistemistiche per la 3G; Ultima Nata Fra le tecnologie Wireless: Bluetooth. Acronimi. Bibliografia." aTECNICA DELLA MULTIMEDIALITA' eCodice materia Spics: 4252